书目信息

书名: 青年怎样适应社会 
作者: 方洲
出版信息: 北京   中国青年出版社  1999.09
开本页数: 19cm  274页
丛书名:
单 册:
中图分类: G41
科图分类:
主题词: 德育--学校教育 , 思想政治教育--学校教育
电子资源:
ISBN: 7-5006-3603-2
000 00583nam0 2200205 450
001 0651172000
005 20060227141305.59
010    @a7-5006-3603-2@dCNY14.80
100    @a20060227d1999 km y0chiy0120 ea
101 @achi
102    @aCN@b110000
200 @a青年怎样适应社会@Aqing nian zen yang shi ying she hui@f方洲著@Ffang zhou zhu
210    @a北京@c中国青年出版社@d1999.09
215    @a274页@d19cm
606 @a德育--学校教育
606 @a思想政治教育--学校教育
690    @aG41@v4
701  0 @a方洲@Afang zhou@4著
801  0 @aCN@bNISOFT@c20060227
905    @a10447@dG41@e35
    
    青年怎样适应社会/方洲著.-北京:中国青年出版社,1999.09
    274页;19cm
    
    
    ISBN 7-5006-3603-2:CNY14.80
    
相关链接 在五车中查询图书 在当当中查询图书 在豆瓣中查询图书


正题名:青年怎样适应社会     索取号:G41/35         预约/预借

序号 登录号 条形码 馆藏地/架位号 状态 备注
1 190492   300190492   海科密-1楼/21架2列1层/ [索取号:G41/35] 在馆    
2 37220   200372202   海科密-1楼/21架2列1层/ [索取号:G41/35] 在馆    
3 37221   200372211   海科密-1楼/21架2列1层/ [索取号:G41/35] 在馆